| 000 | 00748nam a2200217Ia 4500 | ||
|---|---|---|---|
| 003 | GCL | ||
| 008 | 140319s9999 xx 000 0 ara d | ||
| 040 |
_aGCL / _cGCL |
||
| 082 | 0 | 4 |
_a339.49 _bا ق |
| 100 | 1 | _aاحمد العدوانى | |
| 245 | 1 | 0 |
_aقضايا تنمية الموارد البشرية فى الوطن العربى / _cاحمد العدوانى |
| 260 |
_a[S.N] : _bالمجلس الوطنى للثقافة والفنون والاداب ، _c1975 |
||
| 300 | _a502 ص | ||
| 490 | _a | ||
| 650 | 0 | 4 | _aالعالم العربى |
| 650 | 0 | 4 | _aالتنمية الاقتصادية |
| 650 | 0 | 4 | _aالخليج العربى |
| 650 | 0 | 4 | _aالقوى العاملة |
| 650 | 0 | 4 | _aالتنمية الادارية |
| 942 |
_2ddc _cBK |
||
| 999 |
_c36249 _d36249 |
||